000
00287nam a22001337a 4500
008
180824b xxu||||| |||| 00| 0 eng d
020
_a
9781929622696
041
_a
eng
080
_a
61
100
_a
2
101
_a
SHM
245
_a
TREATMENT GUIDELINES
_c
CHNA.P.D
942
_2
udc
_c
BK
999
_c
47318
_d
47318